Pokemon - Les attaques de Moustillon - Statistiques

Statistiques générales
  • Ce quiz a été pris 28 fois
  • Le résultat moyen est 8 sur 15
Statistiques - réponses
Niveaux Types Noms des attaques % Correct
Départ Normal Charge
100%
Niveau 43 Eau Hydrocanon
89%
Niveau 17 Eau Coquilame
78%
Niveau 7 Eau Pistolet à O
78%
Niveau 23 Eau Vibraqua
67%
Niveau 29 Eau Aqua-Jet
61%
Niveau 5 Normal Mimi-Queue
61%
Niveau 19 Insecte Taillade
56%
Niveau 35 Eau Hydroqueue
44%
Niveau 41 Normal Danse-Lames
33%
Niveau 11 Eau Tourniquet
33%
Niveau 25 Combat Vendetta
33%
Niveau 13 Normal Puissance
22%
Niveau 37 Normal Vengeance
17%
Niveau 31 Normal Encore
6%
Aucun quiz correspondant
Distribution des résultats
% des personnes avec chaque résultat
Percentile par nombre de réponses
Votre historique - résultats
Vous n’avez pas pris ce quiz